مكتبة جامعة عجلون الوطنية

فهرس بحث المكتبة

Normal view MARC view
  • القانون - بطلان الاحكام

Entry Topical Term

Number of records used in: 1

001 - CONTROL NUMBER

  • control field: 58232

003 - CONTROL NUMBER IDENTIFIER

  • control field: JO-AjAnu

005 - DATE AND TIME OF LATEST TRANSACTION

  • control field: 20230606083530.0

008 - FIXED-LENGTH DATA ELEMENTS

  • fixed length control field: 230606|| aca||aabn | a|a d

040 ## - CATALOGING SOURCE

  • Original cataloging agency: JO-AjAnu
  • Transcribing agency: JO-AjAnu

150 ## - HEADING--TOPICAL TERM

  • Topical term or geographic name entry element: القانون - بطلان الاحكام

670 ## - SOURCE DATA FOUND

  • Source citation: Work cat.: (JO-AjAnu)29707: اعداد احمد عبد الهادي خلف الفهداوي ؛ اشراف عبد الحكيم محسن عطروش، زيد ابراهيم الغرايبه, author 58231, احكام بطلان الاجراءات في قانون اصول المحاكمات الجزائيه (دراسة مقارنه) = ( A Comparative Syudy) Provisions of invalidity proceeding in the code of criminal procedure